Hevamine, a chitinase from the rubber tree Hevea brasiliensis, cleaves peptidoglycan between the C-1 of N-acetylglucosamine and C-4 of N-acetylmuramic acid and therefore is not a lysozyme (Record no. 60294)

MARC details
000 -LEADER
fixed length control field 00622nam a2200193Ia 4500
100 ## - MAIN ENTRY--AUTHOR NAME
Personal name Bokma E
245 #0 - TITLE STATEMENT
Title Hevamine, a chitinase from the rubber tree Hevea brasiliensis, cleaves peptidoglycan between the C-1 of N-acetylglucosamine and C-4 of N-acetylmuramic acid and therefore is not a lysozyme
260 ## - PUBLICATION, DISTRIBUTION, ETC. (IMPRINT)
Name of publisher FEBS letters
Year of publication 1997
300 ## - PHYSICAL DESCRIPTION
Number of Pages 161-163
500 ## - GENERAL NOTE
General note Source Year: 1998
650 ## - SUBJECT ADDED ENTRY--TOPICAL TERM
Topical Term Chitinase
650 ## - SUBJECT ADDED ENTRY--TOPICAL TERM
Topical Term Hevamine
700 ## - ADDED ENTRY--PERSONAL NAME
Personal name Beintema J J
700 ## - ADDED ENTRY--PERSONAL NAME
Personal name Jeronimus-Stratingh M
700 ## - ADDED ENTRY--PERSONAL NAME
Personal name Koningsveld G A Van
856 ## - ELECTRONIC LOCATION AND ACCESS
Uniform Resource Identifier HOA
942 ## - ADDED ENTRY ELEMENTS (KOHA)
Koha item type Journals
Holdings
Withdrawn status Lost status Damaged status Not for loan Home library Current library Shelving location Date acquired Serial Enumeration / chronology Koha item type
      Journals RRII Library RRII Library Physiology 17/12/1998 Volume 411, Issue 03-Feb Journals